00477nam a2200205Ia 4500003000900000008004100009040001300050040001300063041000800076100001900084100000800103245007700111250001100188260000800199260000900207300001100216300001000227490002800237490000600265IT-RoPAU120407s9999 xx 000 0 und d aIT-RoPAU cIT-RoPAU aita aGiovanni Bosco csan aSan Giuseppe Cafasso. Memorie pubblicate nel 1860 da S. Giovanni Bosco.  aTorino aSei c1960 a144 p. c20 cm a1. Giuseppe Cafasso, s. v1